01227nam a2200277 i 4500001001000000003000900010005001700019007000300036008004100039040003000080041000800110082002500118100006000143245009600203250002200299264015600321300002600477336002700503337003300530338002800563490002500591500016600616651006800782651004900850651005000899000048018DO-SdBNP20260602201114.0ta181030s1993 dr r 000 0 spa d aDO-SdBNPbspacBNPHUerda aspa a972.93054bG216b2231 4aut.a García Arévalo, Manuel Antoniod1948-eautor10aBalance del quinto centenario en la República Dominicana /cManuel A. García Arévalo. aPrimera edición 1aSanto Domingo :bComisión Dominicana Permanente para la Celebración del Quinto Centenario del Descubrimiento y Evangelización de América,c1993 a35 páginas ;c23 cm atextobtxt2rdacontent asin mediaciónbn2rdamedia avolumenbnc2rdacarrier1 aQuinto centenariov7 aConferencia con motivo de la puesta en circulación de la obra Santo Domingo en Ocasión del Quinto Centenario Casa del Quinto Centenario, 27 de abril de 1993. 72armarcaEspañaxRelaciones exterioreszRepública Dominicana 72lembaRepública DominicanaxCivilización 72lembaRepública DominicanaxHistoriay1965-